000
00201nam a2200085Ia 4500
008
230915s9999 xx 000 0 und d
050
_a
Z695.6 .C37 1982
245
0
_a
CARTOGRAPHIC MATERIALS
942
_c
BK
999
_c
206780
_d
206780